000 01052cam a2200337 a 4500
001 1977
003 FISKH
005 20250826102438.0
008 030210s1999 enka b 000 1 eng
010 _a 2003541593
020 _a04392278422
020 _a0333741498 (PB)
040 _aDLC
_cDLC
_dDLC
_beng
042 _alcac
050 0 0 _aPZ7.W4712
_b.W4712 1999
082 0 0 _a823.92
_222
100 _aAxtell, David
245 0 0 _aWe're going on a lion hunt /
_cDavid Axtell
260 _aNew York :
_bScholastic,
_c1999.
300 _a25 pages :
_bcolor illustrations ;
_c27 cm
505 _aE
520 _aTwo girls set out bravely in search of a lion, going through long grass, a swamp, and a cave before they find what they're looking for.
521 8 _a260
_bLexile
521 8 _aE
_bRaz-Plus
650 1 _aLion
_vFiction.
651 1 _aAfrica
_vFiction.
700 1 _aAxtell, David
_cIllustrator
906 _a7
_bcbc
_corignew
_d3
_encip
_f20
_gy-gencatlg
942 _2ddc
_cBK
_n0
999 _c1977
_d1977